000 00591cam a22002291a 4500
001 he 66001663
003 DLC
005 20260227111441.0
008 890208s1966 is 000 1 hebr
010 _ahe 66001663
035 _a(OCoLC)19114110
040 _aDLC
_cInU
_dDLC
042 _apremarc
050 0 0 _aPJ5054.Z385
_bY3
100 1 _aZarchi, Nurit.
245 1 0 _aYaroḳ yaroḳ :
_bshirim /
_cNurit Zarḥi.
260 _a[Tel-Aviv] :
_bMaḥberot le-sifrut,
_c1966.
300 _a43 p. ;
_c21 cm.
500 _aPoems.
500 _aRomanized record.
500 _aVocalized.
999 _c31959
_d31959